000 00624nam a22002057a 4500
999 _c442955
_d442955
003 UA-OsUOA
005 20191125153530.0
008 191125b un ||||| |||| 00| 0 ukr d
040 _aUA-OsUOA
_bukr
_cUA-OsUOA
_dUA-OsUOA
041 _aukr
080 _a947.084
090 _a947.084
_bР59
100 _aРогачевская Л. С
245 _aСоциалистическое соревнование в СССР
_bисторические очерки
_cЛ. С. Рогачевская
260 _aМосква
_bНаука
_c1977
300 _a351 с.
650 _a947.084
942 _2udc
_cBK
955 _a1